On This Day: April 20th II Quiz Stats

 Plays Quiz Updated Apr 20, 2018

Score 0/7 Timer 03:00
0 Plays Today
Question Answer Wrong Answers
The Bay of ______ Invasion fails when the CIA-sponsored paramilitary group made up of mostly Cuban exiles surrenders after three days.
1961
Pigs
96.9%
Dogs
0.9%
Sheep
0.5%
Cows
0.5%
The League of Nations officially dissolves, giving most of its power to the ______.
1946
United Nations
95.3%
World Health Organization
0.9%
World Bank
0.8%
World Trade Organization
1.9%
The Chicago Cubs play their first game at Weeghman Park, today known by this name.
1916
Wrigley Field
85.7%
Fenway Park
8.2%
Soldier Field
2.9%
Comiskey Park
2.5%
Known as the April Uprising, an insurrection organized by Bulgarians in the ______ begins, which indirectly results in the re-establishment of Bulgaria in 1878.
1876
Ottoman Empire
82.3%
British Empire
5.3%
Mughal Empire
4.8%
Holy Roman Empire
7.5%
This man, better known as The Red Baron, shoots down his 79th and 80th victims, his final victories before his death the next day.
1918
Manfred von Richthofen
81.2%
Eddie Rickenbacker
11.5%
Werner Voss
3.9%
Oswald Boelcke
2.5%
This English actor, known for his many computer-generated character roles, like as Gollum in ‘The Lord of the Rings’ film trilogy, is born.
1964
Andy Serkis
64.4%
Martin Freeman
10.8%
Hugo Weaving
10.8%
Bill Nighy
12.7%
In the lead up to the Spanish-American War, this US President signs a joint resolution from Congress, demanding Spanish withdrawal from Cuba and giving the President increased military authority.
1898
William McKinley
59.1%
Benjamin Harrison
7.9%
Grover Cleveland
22.3%
Chester A. Arthur
10.3%

You're not logged in!

Compare scores with friends on all Sporcle quizzes.
OR
Log In

Sporcle TV

Today on Sporcle TV


Watch our educational content, quiz creation guides, and fun videos on Sporcle TV.

Show Comments

Extras

Top Quizzes Today


Score Distribution

Your Account Isn't Verified!

In order to create a playlist on Sporcle, you need to verify the email address you used during registration. Go to your Sporcle Settings to finish the process.

Report this User

Report this user for behavior that violates our Community Guidelines.

Details: